000 00535nam a2200193 a 4500
005 20140310183435.0
008 080121s19uu xx 00 eng d
020 _a81-7881-524-9
050 _aHF 5429.15
_b.In88 2005
100 _aSuresh, K, edited by
245 _aIT enabled retailing./
_cedited by Suresh, K.
260 _aIndia :
_bICFAI University Press,
_c2005.
300 _a202 p. :
_c23 cm.
521 _aBSBA
650 _aRetailing.
650 _aRetail trade
_xManagement.
942 _cBK
_2lcc
_kFOR
999 _c22834
_d22834